[Event "SR 3. liga A2 2015/2016"]
[Site "?"]
[Date "2016.01.17"]
[Round "6.3"]
[White "Krist, Milan"]
[Black "Kocak, Branislav"]
[Result "1-0"]
[WhiteElo "1841"]
[BlackElo "1919"]
[PlyCount "101"]
[EventDate "2016.??.??"]

1. d4 g6 2. c4 Bg7 3. Nc3 d6 4. Nf3 Nf6 5. e4 O-O 6. Bd3 Nc6 7. O-O e5 8. d5
Ne7 9. Bg5 h6 10. Bh4 Nh5 11. Rc1 f5 12. exf5 g5 13. Bg3 Nf4 14. Bxf4 gxf4 15.
g4 fxg3 16. fxg3 Bxf5 17. Nh4 Bh3 18. Rxf8+ Qxf8 19. Qh5 e4 20. Nxe4 Bd4+ 21.
Kh1 Qg7 22. Ng6 Nxg6 23. Qxh3 Ne5 24. Qe6+ Kh8 25. Be2 Rf8 26. b3 b6 27. Rf1
Rxf1+ 28. Bxf1 Nd7 29. Bh3 Nf8 30. Qg4 Qxg4 31. Bxg4 Nh7 32. Bf5 Ng5 33. Nd2
Kg7 34. Kg2 Kf6 35. Bc8 Bc3 36. Nb1 Ne4 37. Na3 a5 38. Nb5 Ke7 39. Bf5 Nxg3 40.
hxg3 Be5 41. Nxc7 Kf6 42. Be4 Bd4 43. Nb5 Bc5 44. Kf3 Ke5 45. Bb1 Bg1 46. Nc3
Bc5 47. Ne2 Ba3 48. Kg4 Kf6 49. Kh5 Kg7 50. Nd4 Bc1 51. Nf5+ 1-0

[Event "SR 3. liga A2 2015/2016"]
[Site "?"]
[Date "2016.01.17"]
[Round "6.3"]
[White "Bilovsky, Milan"]
[Black "Puskar, David"]
[Result "1-0"]
[WhiteElo "1901"]
[BlackElo "1772"]
[PlyCount "81"]
[EventDate "2016.??.??"]

1. e4 e6 2. d4 d5 3. exd5 exd5 4. Nf3 Bd6 5. c4 dxc4 6. Bxc4 Nf6 7. O-O O-O 8.
Bg5 Bf5 9. Nc3 c6 10. Re1 Nbd7 11. Ne5 Qc7 12. f4 h6 13. Bh4 a6 14. Qb3 Bxe5
15. fxe5 b5 16. exf6 bxc4 17. Qxc4 Nb6 18. Qc5 g6 19. d5 Rac8 20. d6 Qb7 21.
Rad1 Nd7 22. Qf2 Rcd8 23. Na4 Qb4 24. Rd4 Qb5 25. b3 Kh7 26. h3 a5 27. g4 Be6
28. Bg3 Rfe8 29. Rde4 Rf8 30. Rc1 Bd5 31. Nc3 Qa6 32. Nxd5 cxd5 33. Re7 a4 34.
b4 Qb5 35. Qd4 Kg8 36. a3 Rb8 37. Qe3 Nxf6 38. Qxh6 Nd7 39. Bf2 Rbe8 40. Rxe8
Rxe8 41. Bd4 1-0

[Event "SR 3. liga A2 2015/2016"]
[Site "?"]
[Date "2016.01.17"]
[Round "6"]
[White "Benkovsky, Peter"]
[Black "Brunovsky, Peter"]
[Result "0-1"]
[WhiteElo "1678"]
[BlackElo "1838"]
[PlyCount "47"]
[EventDate "2016.??.??"]
[WhiteTeam "ŠK Nafta Gbely"]
[BlackTeam "Lokomotíva Trnava "]

1. d4 d5 2. c4 e6 3. Nf3 Nf6 4. Nc3 Be7 5. e3 O-O 6. Bd3 b6 7. O-O Bb7 8. Ne5
Nbd7 9. cxd5 exd5 10. Nxd7 Qxd7 11. b3 a6 12. a4 Bd6 13. h3 Qe7 14. Re1 Ne4 15.
Nxe4 dxe4 16. Bc4 Kh8 17. Bd2 f5 18. Ra2 Qh4 19. Bf1 Rf6 20. Bc1 Rg6 21. Kh1 f4
22. exf4 e3 23. f3 Qxf4 24. Rxe3 0-1

[Event "SR 3. liga A2 2015/2016"]
[Site "?"]
[Date "2016.01.17"]
[Round "6.4"]
[White "Kovacocy, Pavel"]
[Black "Gasa, Patrik"]
[Result "1/2-1/2"]
[WhiteElo "2189"]
[BlackElo "2097"]
[PlyCount "118"]
[EventDate "2016.??.??"]

1. e4 c5 2. Nf3 e6 3. c4 Nc6 4. Nc3 Nf6 5. Be2 Be7 6. O-O O-O 7. d4 cxd4 8.
Nxd4 Qb6 9. Nc2 Rd8 10. b3 d6 11. Be3 Qc7 12. f3 b6 13. Rc1 Bb7 14. Qe1 d5 15.
exd5 exd5 16. cxd5 Nxd5 17. Nxd5 Rxd5 18. b4 Qd6 19. a3 Re8 20. Qf2 Bd8 21.
Rfd1 Bf6 22. Rxd5 Qxd5 23. Rd1 Qb3 24. Bb5 g6 25. Rd6 Re6 26. Rxe6 Qxe6 27. Qe2
h5 28. Bc4 Qd6 29. Bf2 Kg7 30. Bg3 Qd7 31. Bf4 Nd4 32. Qd2 Bc6 33. Bh6+ Kg8 34.
Be3 Nf5 35. Bf4 Qxd2 36. Bxd2 Nd4 37. Ne3 Bxf3 38. Bc3 Bb7 39. Kf2 Kg7 40. g4
Ne6 41. Bxf6+ Kxf6 42. gxh5 gxh5 43. Kg3 Nd4 44. Kf4 Bc6 45. h4 a5 46. bxa5
bxa5 47. Nd5+ Bxd5 48. Bxd5 Nf5 49. Bf3 Nxh4 50. Bxh5 Ng6+ 51. Ke4 Ke6 52. Bg4+
Kd6 53. Kd4 Ne5 54. Bf5 f6 55. Be4 Nd7 56. Kc4 Nc5 57. Bc2 Kc6 58. Bf5 Kb6 59.
Bg6 Nb7 1/2-1/2

[Event "SR 3. liga A2 2015/2016"]
[Site "?"]
[Date "2016.01.17"]
[Round "6.4"]
[White "Sebesta, Radovan"]
[Black "Cechovic, Stefan"]
[Result "1/2-1/2"]
[WhiteElo "2000"]
[BlackElo "2151"]
[PlyCount "46"]
[EventDate "2016.??.??"]

1. d4 Nf6 2. c4 e6 3. Nc3 d5 4. cxd5 exd5 5. Bg5 Be7 6. e3 O-O 7. Bd3 c6 8. Nf3
Nbd7 9. O-O Re8 10. Qc2 h6 11. Bh4 Ne4 12. Bxe7 Qxe7 13. g3 Nxc3 14. Qxc3 Nf6
15. b4 a6 16. Rfc1 Ne4 17. Qb2 f6 18. a4 Bd7 19. b5 axb5 20. axb5 Nd6 21. bxc6
Bxc6 22. h3 g5 23. Rxa8 Rxa8 1/2-1/2

[Event "SR 3. liga A2 2015/2016"]
[Site "?"]
[Date "2016.01.17"]
[Round "6.4"]
[White "Sarmir, Milos"]
[Black "Palka, Martin"]
[Result "1-0"]
[WhiteElo "2006"]
[BlackElo "1898"]
[PlyCount "49"]
[EventDate "2016.??.??"]

1. e4 c5 2. Nf3 Nc6 3. d4 cxd4 4. Nxd4 e6 5. Be2 Qc7 6. Be3 a6 7. O-O Nf6 8.
Nd2 d5 9. Nxc6 bxc6 10. exd5 cxd5 11. c4 Bd6 12. h3 O-O 13. c5 Be5 14. Qc2 Rb8
15. Rab1 Nd7 16. Nf3 Bf6 17. b4 e5 18. Rfc1 e4 19. Nd4 Ne5 20. a4 Nc6 21. Nxc6
Qxc6 22. Bf4 Ra8 23. b5 axb5 24. axb5 Qb7 25. b6 1-0

[Event "SR 3. liga A2 2015/2016"]
[Site "?"]
[Date "2016.01.17"]
[Round "6.4"]
[White "Hornak, Pavol"]
[Black "Palka, Miroslav"]
[Result "0-1"]
[WhiteElo "1799"]
[BlackElo "1899"]
[PlyCount "120"]
[EventDate "2016.??.??"]

1. d4 d5 2. c4 e6 3. Nf3 g6 4. e3 Bg7 5. Nc3 Nf6 6. Be2 O-O 7. O-O b6 8. b3 Bb7
9. Bb2 Nbd7 10. Qc2 Rc8 11. Rac1 dxc4 12. bxc4 c6 13. Rfd1 Qc7 14. Ne4 Nxe4 15.
Qxe4 c5 16. Qd3 Rfd8 17. Nd2 cxd4 18. exd4 Nf6 19. Bf3 Bxf3 20. Nxf3 Qf4 21.
Qe2 Qe4 22. Re1 Qxe2 23. Rxe2 Nd7 24. Ree1 Nb8 25. Rc2 Nc6 26. Rd2 Na5 27. Rc2
Rc7 28. c5 bxc5 29. Bc3 Nb7 30. Rd2 cxd4 31. Bxd4 Bxd4 32. Rxd4 Rxd4 33. Nxd4
Rc4 34. Nf3 Rc2 35. Kf1 Rxa2 36. Rb1 Nd6 37. Ne5 Kg7 38. f3 h5 39. Rd1 Nf5 40.
Rd3 Kf6 41. f4 Nh6 42. Rd7 a5 43. h3 h4 44. Nf3 Ra4 45. Nxh4 Rxf4+ 46. Nf3 Nf5
47. Kf2 Rb4 48. g4 Rb2+ 49. Nd2 Nh6 50. Kf3 g5 51. Ne4+ Kg6 52. Re7 Rb3+ 53.
Kg2 a4 54. Rc7 f6 55. Rc6 Kf7 56. Rc7+ Kg6 57. Rc6 Re3 58. Rxe6 Ng8 59. Nc5
Rxe6 60. Nxe6 a3 0-1

[Event "SR 3. liga A2 2015/2016"]
[Site "?"]
[Date "2016.01.17"]
[Round "6.4"]
[White "Huska, Branislav"]
[Black "Vlkovic, Pavol"]
[Result "1-0"]
[WhiteElo "1797"]
[BlackElo "1786"]
[PlyCount "57"]
[EventDate "2016.??.??"]

1. e4 Nf6 2. Nc3 d6 3. d4 g6 4. Be3 Bg7 5. Qd2 c6 6. Bh6 O-O 7. Bxg7 Kxg7 8.
O-O-O b5 9. f3 Qa5 10. e5 Ne8 11. h4 h6 12. f4 h5 13. Kb1 Bf5 14. Bd3 Bg4 15.
Rf1 e6 16. Nf3 d5 17. Qf2 Na6 18. Nd2 Nec7 19. Nb3 Qb6 20. Be2 Bf5 21. g4 hxg4
22. h5 Rh8 23. hxg6 fxg6 24. Qg2 c5 25. Bxg4 cxd4 26. Bxf5 exf5 27. Qg5 Qe6 28.
Nxd4 Qd7 29. Qf6+ 1-0

[Event "SR 3. liga A2 2015/2016"]
[Site "?"]
[Date "2016.01.17"]
[Round "6.4"]
[White "Lauko, Tomas"]
[Black "Prigoda, Lubos"]
[Result "1-0"]
[WhiteElo "1693"]
[BlackElo "1322"]
[PlyCount "51"]
[EventDate "2016.??.??"]

1. e4 c5 2. Bc4 d6 3. Nc3 Nf6 4. d3 Nc6 5. a3 a6 6. Nge2 Bg4 7. f3 Bh5 8. h4 b5
9. Bd5 Nxd5 10. Nxd5 e6 11. Ndf4 Bg6 12. h5 Bxh5 13. Nxh5 h6 14. c3 g6 15. Nhg3
Bg7 16. Be3 Qc8 17. Qd2 Rb8 18. Bxh6 Bxh6 19. Rxh6 Rxh6 20. Qxh6 Ke7 21. O-O-O
a5 22. Qg7 Qe8 23. d4 c4 24. d5 Ne5 25. Nf4 Kd7 26. dxe6+ 1-0

[Event "SR 3. liga A2 2015/2016"]
[Site "?"]
[Date "2016.01.17"]
[Round "6.5"]
[White "Kucharek, Jaroslav"]
[Black "Jablonicky, Frantisek"]
[Result "0-1"]
[WhiteElo "2085"]
[BlackElo "2118"]
[PlyCount "56"]
[EventDate "2016.??.??"]

1. e4 c5 2. Nc3 Nc6 3. g3 g6 4. Bg2 Bg7 5. d3 e6 6. Be3 b6 7. Qd2 Bb7 8. Nh3 d6
9. O-O Qd7 10. f4 Nge7 11. Rab1 d5 12. exd5 exd5 13. Bf2 O-O 14. Ng5 $11 d4 15.
Nd1 Nb4 16. a3 Bxg2 17. Kxg2 Qc6+ 18. Kg1 Nbd5 19. c4 dxc3 20. Nxc3 Rad8 21.
Rbd1 Nf5 22. Ne2 Rfe8 23. Ne4 Nde3 24. Bxe3 Rxe4 25. Bf2 Re6 26. g4 Qf3 27.
gxf5 Rxe2 28. Bg3 Qg2# 0-1

[Event "SR 3. liga A2 2015/2016"]
[Site "?"]
[Date "2016.01.17"]
[Round "6.5"]
[White "Slobodnik, Michal"]
[Black "Hirmajer, Jan"]
[Result "1/2-1/2"]
[WhiteElo "2021"]
[BlackElo "1923"]
[PlyCount "50"]
[EventDate "2016.??.??"]

1. d4 Nf6 2. c4 g6 3. Nc3 Bg7 4. e4 d6 5. Nge2 O-O 6. Rg1 c5 7. d5 Qa5 8. f3 b5
9. cxb5 a6 10. b6 Qxb6 11. a4 a5 12. Be3 Na6 13. Nb5 Bd7 14. Nec3 Ne8 15. g4
Nec7 16. Qd2 Nxb5 17. Bxb5 Bxb5 18. Nxb5 Nc7 19. Nxc7 Qxc7 20. Bh6 Qb6 21. Bxg7
Kxg7 22. Rg2 Qb3 23. Ra3 Qb4 24. Kd1 Qxd2+ 25. Rxd2 Rab8 1/2-1/2

[Event "SR 3. liga A2 2015/2016"]
[Site "?"]
[Date "2016.01.17"]
[Round "6.5"]
[White "Miciak, Emanuel"]
[Black "Horecky, Peter"]
[Result "0-1"]
[WhiteElo "1840"]
[BlackElo "2026"]
[PlyCount "90"]
[EventDate "2016.??.??"]

1. d4 g6 2. c4 Bg7 3. Nc3 d6 4. e4 Nf6 5. f3 O-O 6. Be3 c5 7. d5 Qa5 8. Qd2 a6
9. Bd3 Nbd7 10. Nge2 Ne5 11. O-O Rb8 12. a4 e6 13. Rab1 exd5 14. cxd5 Nfd7 15.
b3 f5 16. Bc2 b5 17. axb5 axb5 18. h3 b4 19. Nd1 fxe4 20. f4 Nd3 21. Nf2 Nxf2
22. Rxf2 Nf6 23. g4 Re8 24. f5 gxf5 25. gxf5 Re5 26. Rg2 Rxf5 27. Bh6 Rb7 28.
Nf4 Kh8 29. Bxg7+ Rxg7 30. Rxg7 Kxg7 31. Qg2+ Kh8 32. Rf1 Qa7 33. Bxe4 Nxe4 34.
Qxe4 Qg7+ 35. Kh1 Re5 36. Qf3 Bf5 37. Kh2 Be4 38. Qf2 Rg5 39. Qa2 Qe5 40. Rf2
h5 41. Qa8+ Rg8 42. Qb7 Rf8 43. h4 Rxf4 44. Kh3 Qf5+ 45. Kh2 Rxf2+ 0-1

[Event "SR 3. liga A2 2015/2016"]
[Site "?"]
[Date "2016.01.17"]
[Round "6.5"]
[White "Lukacovic, Miroslav"]
[Black "Podjavorinsky, Michal"]
[Result "0-1"]
[WhiteElo "2026"]
[BlackElo "1859"]
[PlyCount "66"]
[EventDate "2016.??.??"]

1. d4 Nf6 2. c4 g6 3. Nc3 Bg7 4. e4 d6 5. Nge2 O-O 6. Ng3 e5 7. d5 a5 8. h4 h5
9. Bg5 Qe8 10. Qd2 Na6 11. Be2 Nc5 12. f3 Nh7 13. Nb5 Qd7 14. Be3 b6 15. Bh6
Ba6 16. Nc3 Na4 17. Bxg7 Kxg7 18. Bd3 Nc5 19. Be2 Na4 20. Rh3 Nxc3 21. Qxc3 b5
22. f4 bxc4 23. fxe5 dxe5 24. Qxe5+ f6 25. Qc3 Qd6 26. O-O-O Rab8 27. Rhh1 Rb6
28. Rd2 a4 29. Bxh5 Rfb8 30. Bd1 a3 31. h5 Rxb2 32. Rxb2 Rxb2 33. hxg6 Qf4+ 0-1

[Event "SR 3. liga A2 2015/2016"]
[Site "?"]
[Date "2016.01.17"]
[Round "6.5"]
[White "Bjel, Lubos"]
[Black "Cmarada, Juraj"]
[Result "0-1"]
[WhiteElo "1779"]
[BlackElo "1678"]
[PlyCount "54"]
[EventDate "2016.??.??"]

1. e4 c5 2. Nc3 d6 3. b3 Nf6 4. Bb2 Nc6 5. Nf3 e5 6. Bc4 Be7 7. Qe2 O-O 8.
O-O-O Bg4 9. h3 Nd4 10. Qd3 Be6 11. Nxd4 Bxc4 12. bxc4 cxd4 13. Nd5 Nxd5 14.
cxd5 Rc8 15. f4 Qc7 16. g4 b5 17. Kb1 Qc4 18. Qxc4 bxc4 19. f5 Bg5 20. h4 Bxd2
21. Rxd2 c3 22. Rd3 Rb8 23. Ka1 Rxb2 24. Rdd1 Rxc2 25. Rb1 d3 26. g5 Re2 27.
Rb3 Rc8 0-1

[Event "SR 3. liga A2 2015/2016"]
[Site "?"]
[Date "2016.01.17"]
[Round "6.5"]
[White "Cvirik, Vladimir"]
[Black "Lajda, Dusan"]
[Result "0-1"]
[WhiteElo "1875"]
[BlackElo "1841"]
[PlyCount "97"]
[EventDate "2016.??.??"]

1. d4 d5 2. c4 e6 3. Nc3 Nf6 4. cxd5 exd5 5. g3 c6 6. Bg2 Nbd7 7. Nf3 Bb4 8.
O-O O-O 9. Bg5 h6 10. Bf4 Bxc3 11. bxc3 Ne4 12. Qd3 Nb6 13. Nd2 Nxd2 14. Bxd2
Nc4 15. Bf4 Be6 16. a4 b6 17. Rfe1 Qd7 18. e4 Rae8 19. Ra2 g5 20. Bc1 dxe4 21.
Qe2 Nd6 22. Ra1 Bg4 23. Qc2 Bf5 24. Qe2 Qe6 25. Ba3 Bg6 26. Bxd6 Qxd6 27. Qc4
Qd5 28. Qb4 f5 29. Bf1 Bf7 30. Rab1 f4 31. Red1 e3 32. Rb2 Qf3 33. Rd3 Bd5 34.
fxe3 fxe3 35. Bg2 Qf5 36. Bxd5+ cxd5 37. Rd1 e2 38. Qxf8+ Rxf8 39. Rxe2 Qf3 40.
Rde1 Qxc3 41. Re7 Qxd4+ 42. Kg2 g4 43. R1e2 Qf6 44. Re1 d4 45. R7e4 Qf3+ 46.
Kg1 Kg7 47. Re7+ Rf7 48. R7e6 d3 49. R6e3 0-1

[Event "SR 3. liga A2 2015/2016"]
[Site "?"]
[Date "2016.01.17"]
[Round "6.5"]
[White "Krchnak, Rudolf"]
[Black "Kimcel, Frantisek"]
[Result "1/2-1/2"]
[WhiteElo "1745"]
[BlackElo "1847"]
[PlyCount "124"]
[EventDate "2016.??.??"]

1. d4 Nf6 2. Nc3 e6 3. Bg5 h6 4. Bh4 Be7 5. e3 b6 6. Be2 d5 7. Nf3 Nbd7 8. Bg3
a6 9. Ne5 Nxe5 10. Bxe5 O-O 11. Bf3 Bb7 12. O-O Bd6 13. Bxd6 Qxd6 14. Re1 Rad8
15. a3 Rfe8 16. Rc1 e5 17. dxe5 Rxe5 18. Ne2 c5 19. c3 Qc7 20. Qc2 Bc8 21. Rcd1
Bg4 22. Bxg4 Nxg4 23. h3 Nf6 24. Rd2 Ne4 25. Rd3 Qc6 26. f3 Nf6 27. Red1 Rde8
28. e4 dxe4 29. Rd6 Qb7 30. f4 R5e6 31. Qb3 Qc7 32. Rxe6 Rxe6 33. Qc2 Qc6 34.
Ng3 Re8 35. Nf5 c4 36. Ne3 b5 37. g3 Qc5 38. Qd2 Kh7 39. Kf2 Re7 40. Qd6 Qa7
41. Qd4 Qb7 42. Nd5 Nxd5 43. Qxd5 Qxd5 44. Rxd5 g6 45. Re5 Rd7 46. Rxe4 Rd2+
47. Re2 $11 Rxe2+ 48. Kxe2 f5 49. Ke3 g5 $11 50. Kd4 Kg6 51. a4 gxf4 52. gxf4
Kh5 53. axb5 axb5 54. Kc5 Kh4 55. Kxb5 Kxh3 56. Kxc4 Kg3 57. b4 h5 58. b5 h4
59. b6 h3 60. b7 h2 61. b8=Q h1=Q 62. Qe5 Qf1+ 1/2-1/2

[Event "SR 3. liga A2 2015/2016"]
[Site "?"]
[Date "2016.01.17"]
[Round "6.5"]
[White "Sipkovsky, Ladislav"]
[Black "Podjavorinsky, Peter"]
[Result "1-0"]
[WhiteElo "1803"]
[BlackElo "1677"]
[PlyCount "67"]
[EventDate "2016.??.??"]

1. e4 e5 2. Nf3 Nf6 3. Nc3 Nc6 4. Bc4 Bc5 5. d3 h6 6. h3 d6 7. O-O a6 8. Ne2
Na5 9. Bb3 Nxb3 10. axb3 Ba7 11. Ng3 Be6 12. d4 exd4 13. Nxd4 Qd7 14. Nxe6 fxe6
15. Qd3 O-O-O 16. Be3 Bxe3 17. Qxe3 Kb8 18. c4 g5 19. b4 Qc6 20. Rfc1 Qb6 21.
Qc3 Rhf8 22. c5 dxc5 23. bxc5 Qc6 24. f3 h5 25. Rd1 Rxd1+ 26. Rxd1 g4 27. hxg4
hxg4 28. b4 gxf3 29. gxf3 Nd7 30. Kf2 Nf6 31. Rh1 Nxe4+ 32. Nxe4 Qxe4 33. Rh8
Rxh8 34. Qxh8+ 1-0

[Event "SR 3. liga A2 2015/2016"]
[Site "?"]
[Date "2016.01.17"]
[Round "6.6"]
[White "Abel, Peter"]
[Black "Pericka, Tomas"]
[Result "1-0"]
[WhiteElo "2181"]
[BlackElo "2016"]
[PlyCount "99"]
[EventDate "2016.??.??"]

1. c4 c5 2. Nc3 Nc6 3. g3 g6 4. Bg2 Bg7 5. Nf3 d6 6. O-O h5 7. h4 Bg4 8. d3 Qd7
9. Rb1 Nh6 10. a3 Nf5 11. Nh2 Be5 12. Ne4 Nfd4 13. Nxg4 Qxg4 14. f3 Qd7 15. e3
Nf5 16. f4 Bg7 17. b4 b6 18. Qf3 Rc8 19. Bb2 O-O 20. Bh3 e5 21. Bxf5 Qxf5 22.
Nxd6 Qxd3 23. Nxc8 e4 24. Qf2 Bxb2 25. Rxb2 Rxc8 26. bxc5 bxc5 27. Ra1 Rd8 28.
Qe1 Ne7 29. Rab1 Nf5 30. Rb3 Qxc4 31. Rb8 Rxb8 32. Rxb8+ Kh7 33. Qa1 Ng7 34.
Qb2 Qd3 35. Kf2 c4 36. Qe2 c3 37. Rc8 Qb1 38. Rxc3 Qh1 39. Rc7 Qh2+ 40. Ke1
Qxg3+ 41. Qf2 Qh3 42. f5 Nxf5 43. Rxf7+ Kg8 44. Rxa7 Qh1+ 45. Kd2 Qb1 46. Qe2
Qb2+ 47. Ke1 Qc3+ 48. Qd2 Qa1+ 49. Kf2 Qf6 50. Qd5+ 1-0

[Event "SR 3. liga A2 2015/2016"]
[Site "?"]
[Date "2016.01.17"]
[Round "6.6"]
[White "Ocko, Martin"]
[Black "Nemsak, Denis"]
[Result "0-1"]
[WhiteElo "1966"]
[BlackElo "2099"]
[PlyCount "116"]
[EventDate "2016.??.??"]

1. b3 f5 2. Bb2 Nf6 3. g3 e6 4. Bg2 Be7 5. Nf3 O-O 6. O-O d6 7. d4 Qe8 8. e3
Nbd7 9. Nbd2 Qh5 10. Ne1 Qh6 11. Nd3 d5 12. c4 c6 13. Ne5 Ne4 14. Qe2 Ndf6 15.
Nxe4 fxe4 16. a3 Bd7 17. b4 a6 18. Rfc1 Be8 19. f4 exf3 20. Bxf3 Bg6 21. Rf1
Rad8 22. Bc1 Be4 23. Bd2 Bxf3 24. Rxf3 Ne4 25. Raf1 Rxf3 26. Rxf3 Bf6 27. Ng4
Qh5 28. Rf4 Qg6 29. Nxf6+ Nxf6 30. c5 Qb1+ 31. Kg2 Qa2 32. Kh3 Rf8 33. Qf2 Qxa3
34. Be1 Qd3 35. g4 Rf7 36. Qd2 Qxd2 37. Bxd2 Ne4 38. Be1 g5 39. Rxf7 Kxf7 40.
Kg2 Kg6 41. Kf3 h5 42. h3 Nf6 43. Bc3 hxg4+ 44. hxg4 Ne4 45. Be1 Kf7 46. Ke2
Ke7 47. Kf3 Kd7 48. Ke2 Kc7 49. Kf3 b6 50. Ke2 Kb7 51. Kf3 a5 52. bxa5 bxc5 53.
dxc5 Ka6 54. Ke2 Nxc5 55. Bb4 Ne4 56. Kf3 c5 57. Be1 c4 58. Ke2 Kb5 0-1

[Event "SR 3. liga A2 2015/2016"]
[Site "?"]
[Date "2016.01.17"]
[Round "6.6"]
[White "Bincik, Pavol"]
[Black "Danada, Ondrej"]
[Result "1-0"]
[WhiteElo "1922"]
[BlackElo "1945"]
[PlyCount "91"]
[EventDate "2016.??.??"]

1. d4 Nf6 2. c4 e6 3. Nf3 b6 4. g3 Ba6 5. Qc2 c5 6. Bg2 Nc6 7. dxc5 bxc5 8. b3
d5 9. O-O d4 10. Nbd2 Bd6 11. Ne4 O-O 12. Nfg5 g6 13. Nxf6+ Qxf6 14. Bxc6 Rac8
15. Ne4 Qg7 16. Nxd6 Rxc6 17. Ne4 f5 18. Nxc5 Rxc5 19. Ba3 Rcc8 20. Bxf8 Rxf8
21. Qd2 e5 22. e3 Qh6 23. Rad1 f4 24. exf4 exf4 25. f3 Bb7 26. g4 Re8 27. Qxd4
Qh3 28. Qxf4 Rf8 29. Qg3 Qxg3+ 30. hxg3 Bxf3 31. Rd7 a6 32. g5 Rf5 33. Rd3 Be4
34. Rxf5 gxf5 35. Rd6 a5 36. Ra6 Kf7 37. Kf2 a4 38. Rxa4 Kg6 39. Ra7 Kxg5 40.
Rxh7 f4 41. gxf4+ Kxf4 42. Rh4+ Ke5 43. Rxe4+ Kxe4 44. Ke2 Kd4 45. Kd2 Kc5 46.
Kc3 1-0

[Event "SR 3. liga A2 2015/2016"]
[Site "?"]
[Date "2016.01.17"]
[Round "6.6"]
[White "Skapik, Branislav"]
[Black "Mihalik, Marek"]
[Result "1/2-1/2"]
[WhiteElo "1876"]
[BlackElo "2050"]
[PlyCount "92"]
[EventDate "2016.??.??"]

1. Nf3 Nf6 2. g3 e6 3. Bg2 Be7 4. d4 O-O 5. O-O d6 6. Nc3 c6 7. e3 Qc7 8. Qe2
e5 9. dxe5 dxe5 10. h3 h6 11. Rd1 Bb4 12. Qc4 Na6 13. Ne4 Nxe4 14. Qxe4 Bd6 15.
Bd2 Be6 16. Qd3 Rad8 17. Qe2 Nb4 18. Bxb4 Bxb4 19. a3 Be7 20. Kh2 Bf6 21. Rab1
Qb6 22. Nd2 Ba2 23. Ne4 Be7 24. Rxd8 Rxd8 25. Rd1 Qxb2 26. Rxd8+ Bxd8 27. Qd3
Qb6 28. Nd6 Be6 29. Nxb7 Be7 30. Nd6 Qc5 31. Nf5 Bf8 32. a4 Bc4 33. Qe4 Be6 34.
Nh4 Bd5 35. Qxe5 Qxc2 36. Bxd5 cxd5 37. Qxd5 Qxf2+ 38. Ng2 Qb2 39. Qd4 Qb8 40.
Nf4 a5 41. h4 Bb4 42. Nh5 Bf8 43. Nf4 Qe8 44. Nh5 Qc6 45. Nf4 Qa6 46. Kg2 Qc8
1/2-1/2

[Event "SR 3. liga A2 2015/2016"]
[Site "?"]
[Date "2016.01.17"]
[Round "6.6"]
[White "Stepanovic, Branislav"]
[Black "Diviak, Rudolf"]
[Result "0-1"]
[WhiteElo "2010"]
[BlackElo "1798"]
[PlyCount "70"]
[EventDate "2016.??.??"]

1. e4 e5 2. Nf3 Nc6 3. Bb5 a6 4. Ba4 Be7 5. Nc3 b5 6. Bb3 Nf6 7. O-O d6 8. h3
Na5 9. Re1 O-O 10. Nd5 Nxd5 11. Bxd5 c6 12. Bb3 Nxb3 13. axb3 f5 14. d3 Bf6 15.
Bd2 Ra7 16. c4 fxe4 17. dxe4 Raf7 18. Re3 d5 19. cxd5 cxd5 20. Ba5 Qd7 21. exd5
Bb7 22. d6 e4 23. Nh2 Be5 24. Bb4 Bf4 25. Rc3 Bc6 26. Rxa6 e3 27. fxe3 Bxh2+
28. Kxh2 Bxg2 29. Qg4 Rf2 30. Qxd7 Bc6+ 31. Kg3 Rg2+ 32. Kh4 Bxd7 33. Rc5 Rf3
34. Ra8+ Kf7 35. Rg5 Rxh3# 0-1

[Event "SR 3. liga A2 2015/2016"]
[Site "?"]
[Date "2016.01.17"]
[Round "6.6"]
[White "Manak, Adrian"]
[Black "Spacek, Marcel"]
[Result "1-0"]
[WhiteElo "1933"]
[BlackElo "1754"]
[PlyCount "67"]
[EventDate "2016.??.??"]

1. e4 c5 2. Nf3 Nc6 3. d4 cxd4 4. Nxd4 Nf6 5. Nc3 e5 6. Ndb5 d6 7. Bg5 a6 8.
Na3 b5 9. Nd5 Be7 10. Bxf6 Bxf6 11. c3 Bg5 12. Nc2 Ne7 13. Nce3 Bxe3 14. Nxe3
Be6 15. Qf3 O-O 16. Bd3 d5 17. exd5 Nxd5 18. Rd1 Qg5 19. Nxd5 Rad8 20. h4 Qh6
21. Ne7+ Kh8 22. Nf5 Qg6 23. h5 Qg5 24. Qg3 Qf6 25. Ne3 b4 26. O-O Bxa2 27. Ng4
Qe6 28. h6 gxh6 29. Qxe5+ Qxe5 30. Nxe5 Bb3 31. Rd2 Rd5 32. Nf3 Rfd8 33. Nd4
Ba4 34. Ra1 1-0

[Event "SR 3. liga A2 2015/2016"]
[Site "?"]
[Date "2016.01.17"]
[Round "6.6"]
[White "Ulehla, Jakub"]
[Black "Curidlo, Jan"]
[Result "0-1"]
[WhiteElo "1687"]
[BlackElo "1878"]
[PlyCount "96"]
[EventDate "2016.??.??"]

1. e4 c5 2. Nf3 Nc6 3. d4 cxd4 4. Nxd4 Nf6 5. Nc3 a6 6. Be2 e6 7. f4 d6 8. Be3
Qc7 9. O-O Be7 10. a4 O-O 11. Kh1 b6 12. Bf3 Bb7 13. Qe1 Nxd4 14. Bxd4 e5 15.
Be3 Nd7 16. f5 f6 17. Qg3 Kh8 18. Qh3 Rfd8 19. Bh5 Nf8 20. Rad1 Qc4 21. Bxb6
Rd7 22. Qd3 Qxd3 23. Rxd3 g6 24. fxg6 hxg6 25. Bg4 Kg7 26. Bxd7 Nxd7 27. Bf2 a5
28. Rfd1 f5 29. exf5 gxf5 30. Nb5 Be4 31. Rc3 Nf6 32. Rc7 Kf8 33. c3 Rd8 34.
Bb6 Bc2 35. Ra1 Nd5 36. Rb7 Nxb6 37. Rxb6 Kf7 38. Ra6 d5 39. Rxa5 d4 40. cxd4
exd4 41. Nxd4 Rxd4 42. Ra7 Kf6 43. a5 Be4 44. Ra6+ Ke5 45. Rb6 Rd2 46. Re1 Kd5
47. Rb5+ Bc5 48. b4 Bxg2# 0-1

[Event "SR 3. liga A2 2015/2016"]
[Site "?"]
[Date "2016.01.31"]
[Round "7.1"]
[White "Spacek, Oliver"]
[Black "Bisco, Igor"]
[Result "1-0"]
[WhiteElo "2181"]
[BlackElo "2093"]
[PlyCount "75"]
[EventDate "2016.??.??"]

1. e4 e5 2. Nf3 Nc6 3. Bb5 a6 4. Ba4 Nf6 5. O-O Be7 6. Re1 b5 7. Bb3 d6 8. c3
O-O 9. h3 Bb7 10. d4 Re8 11. Nbd2 Bf8 12. a4 h6 13. d5 Nb8 14. Qe2 Nbd7 15. c4
Nc5 16. axb5 axb5 17. Rxa8 Qxa8 18. cxb5 Nfxe4 19. Nxe4 Nxb3 20. Nh4 Nxc1 21.
Qg4 Nd3 22. Re3 Nf4 23. Nf6+ Kh8 24. Nxe8 Qxe8 25. Qxf4 g5 26. Qc4 gxh4 27.
Qxc7 Qxb5 28. Qxf7 Bg7 29. Rc3 Qxb2 30. Rc7 e4 31. Rxb7 Qa1+ 32. Kh2 Qe5+ 33.
g3 e3 34. Re7 hxg3+ 35. Kg2 e2 36. Re8+ Kh7 37. Rxe5 dxe5 38. Qf5+ 1-0

[Event "SR 3. liga A2 2015/2016"]
[Site "?"]
[Date "2016.01.31"]
[Round "7.1"]
[White "Skocik, Jozef"]
[Black "Pericka, Tomas"]
[Result "0-1"]
[WhiteElo "1899"]
[BlackElo "2016"]
[PlyCount "52"]
[EventDate "2016.??.??"]

1. e4 c5 2. Nf3 Nc6 3. d4 cxd4 4. Nxd4 g6 5. Be3 Bg7 6. c4 Nf6 7. Nc3 Ng4 8.
Nxc6 Nxe3 9. Nxd8 Nxd1 10. Nxd1 Kxd8 11. Rc1 d6 12. Be2 Be6 13. b3 Rc8 14. O-O
h5 15. h3 f5 16. Bd3 f4 17. Kh2 g5 18. g3 Be5 19. Kg2 Kd7 20. Nc3 Rcf8 21. Nd5
f3+ 22. Kg1 Bxh3 23. Rfd1 h4 24. g4 Bg2 25. c5 h3 26. Bb5+ Kd8 0-1

[Event "SR 3. liga A2 2015/2016"]
[Site "?"]
[Date "2016.01.31"]
[Round "7.1"]
[White "Diviak, Rastislav"]
[Black "Gajarsky, Roman"]
[Result "1/2-1/2"]
[WhiteElo "1960"]
[BlackElo "1750"]
[PlyCount "148"]
[EventDate "2016.??.??"]

1. e4 e6 2. d4 d5 3. Nd2 c5 4. exd5 exd5 5. Bb5+ Nc6 6. Qe2+ Qe7 7. dxc5 Qxe2+
8. Nxe2 Bxc5 9. Nb3 Bb6 10. Nbd4 Bd7 11. Be3 Nge7 12. O-O-O O-O-O 13. c3 h6 14.
Bf4 g5 15. Bg3 Rhe8 16. Rhe1 Bc7 17. Bxc7 Kxc7 18. Ng3 Nc8 19. Ngf5 h5 20. Be2
Nxd4 21. Nxd4 g4 22. Bb5 Nd6 23. Bxd7 Kxd7 24. Ne2 Kc6 25. Nf4 Rxe1 26. Rxe1
Ne4 27. Nxd5 Nxf2 28. Nb4+ Kc7 29. Rf1 Ne4 30. Rxf7+ Rd7 31. Rf5 Rh7 32. Nd5+
Kd6 33. Nf4 g3 34. Rd5+ Kc6 35. hxg3 Nxg3 36. Rg5 h4 37. Kc2 Ne4 38. Rg6+ Kd7
39. Re6 Ng5 40. Re5 h3 41. gxh3 Nxh3 42. Rh5 Rxh5 43. Nxh5 Kd6 44. Kd3 Nf2+ 45.
Kd4 Ng4 46. Ng3 b6 47. Ne4+ Kc6 48. c4 Nh6 49. Ke5 Ng4+ 50. Kf4 Nh6 51. b4 Nf7
52. Kf5 Nh6+ 53. Ke6 Ng4 54. b5+ Kc7 55. Nf6 Nf2 56. Nd5+ Kc8 57. Kd6 Kb7 58.
Nf6 Nd1 59. Ne4 Ne3 60. c5 bxc5 61. Kxc5 Nf5 62. a4 Ne3 63. a5 Nc2 64. Kd6 Nd4
65. Nc5+ Kc8 66. b6 axb6 67. axb6 Kb8 68. b7 Nf5+ 69. Kc6 Ne7+ 70. Kb6 Nd5+ 71.
Ka6 Nc7+ 72. Kb6 Nd5+ 73. Kc6 Nb4+ 74. Kb5 Nd5 1/2-1/2